| 000 | 01046nam a22002537a 4500 | ||
|---|---|---|---|
| 005 | 20240530110456.0 | ||
| 008 | 150604s2010 ua adk g b 000 0 ara d | ||
| 017 |
_a2009/19251 _bمصر . دار الكتب المصرية |
||
| 020 | _a9789774114538 | ||
| 040 | _aEG-CaGPL | ||
| 082 | 0 | 4 |
_221 _a001.42\ _bس ط |
| 100 | 1 | _aس.ريشر ، فورسز | |
| 245 | 1 | 0 |
_aطرق البحث الاجتماعى / _cفورسز س.ريشر ؛ التبويب و مراجعة الترجمة و التعريب فادية عمر الجولانى |
| 250 | _aط1 | ||
| 260 |
_aالقاهرة : _bالمكتبة المصرية للنشر و التوزيع ، _c2010 . |
||
| 300 |
_a253 ص : _bايض ؛ _c24 سم . |
||
| 504 | _aيشتمل على ارجاعات ببليوجرافية | ||
| 650 | 0 | 4 | _aطرق البحث |
| 650 | 0 | 4 |
_aالاجتماع ، علم _xطرق البحث |
| 650 | 0 | 4 | _aالمعرفة |
| 700 | 0 |
_aفادية عمر الجولانى _eمراجع و مترجم |
|
| 942 |
_2ddc _cBK |
||
| 999 |
_c61365 _d61365 |
||